Fr. Conceicao Rodrigues College of Engineering

Research methods in Education (Record no. 32352)

MARC details
000 -LEADER
fixed length control field 00289nam a2200145Ia 4500
082 ## - DEWEY DECIMAL CLASSIFICATION NUMBER
Item number LI
100 ## - MAIN ENTRY--PERSONAL NAME
Personal name Li
245 ## - TITLE STATEMENT
Title Research methods in Education
260 ## - PUBLICATION, DISTRIBUTION, ETC.
Name of publisher, distributor, etc. sage
366 ## - TRADE AVAILABILITY INFORMATION
Publishers's discount category 25
546 ## - LANGUAGE NOTE
Language note ENGLISH
650 ## - SUBJECT ADDED ENTRY--TOPICAL TERM
Topical term or geographic name entry element Research methods
654 ## - SUBJECT ADDED ENTRY--FACETED TOPICAL TERMS
Focus term research methods
942 ## - ADDED ENTRY ELEMENTS (KOHA)
Koha item type BOOK
Holdings
Withdrawn status Lost status Damaged status Not for loan Collection Home library Current library Date acquired Source of acquisition Cost, normal purchase price Inventory number Total Checkouts Full call number Barcode Date due Date last seen Date last checked out Cost, replacement price Price effective from Koha item type
        CRC Fr. Agnel's C.Rodrigues College of Engineering Fr. Agnel's C.Rodrigues College of Engineering 17/03/2023 Allied Publishers 412.50 775 dt 14.03.2019 1 LI 25560 26/06/2025 28/03/2025 28/03/2025 550.00   BOOK